| 000 | 01574cam a22003131 4500 | ||
|---|---|---|---|
| 001 | gs 07000386 | ||
| 003 | DLC | ||
| 005 | 20260227111305.0 | ||
| 008 | 730306s1842 nyuafb 000 0 eng | ||
| 010 | _ags 07000386 | ||
| 035 | _a(OCoLC)569426 | ||
| 040 |
_aU.S. Geol. Survey Libr. _cDLC _dDLC |
||
| 050 | 0 | 0 |
_aQH105.N7 _bN2 div. 4 |
| 051 |
_aQE145 _b.G4 |
||
| 245 | 0 | 0 | _aGeology of New York ... |
| 260 |
_aAlbany, _bPrinted by Carroll & Cook, printers to the Assembly, _c1842-43 [pt. 1, '43] |
||
| 300 |
_a4 v. _billus., plates (part fold., part col.) maps (part fold.) diagrs. _c29 cm. |
||
| 440 | 0 |
_aNatural history of New York ... ; _v[div. 4] |
|
| 500 | _aAdded t.-p., engraved, with vignette. | ||
| 500 | _aParts 2-3 printed by W. & A. White and J. Visscher. | ||
| 500 | _aGeneral author and subject index may be found in "Index to publications of the New York state natural history survey and New York State museum. By Mary Ellis. 1903." (New York. State museum. Bulletin 66) | ||
| 505 | 0 | _apt. I. Geology of the first geological district, by W. W. Mather.--pt. II. Survey of the second geological district, by Ebenezer Emmons.--pt. III. Survey of the third geological district, by Lardner Vanuxem.--pt. IV. Survey of the fourth geological district, by James Hall. | |
| 650 | 0 |
_aGeology _zNew York (State) |
|
| 700 | 1 |
_aMather, W. W. _q(William Williams), _d1804-1859. |
|
| 700 | 1 |
_aEmmons, Ebenezer, _d1799-1863. |
|
| 700 | 1 |
_aVanuxem, Lardner, _d1792-1848. |
|
| 700 | 1 |
_aHall, James, _d1811-1898. |
|
| 710 | 1 |
_aNew York (State). _bNatural History Survey. |
|
| 999 |
_c24574 _d24574 |
||